პირველი სიყვარული : (ბიბ.ჩანაწერი № 40814)
[ მარტივი ფორმატი ]
| 000 -ლიდერი | |
|---|---|
| ფიქსირებული სიგრძის საკონტროლო ველი | 01009nam a2200229Ia 4500 |
| 001 - საკონტროლო ნომერი | |
| საკონტროლო ველი | 7454 |
| 003 - საკონტროლო ნომრის იდენტიფიკატორი | |
| საკონტროლო ველი | GE_BSU |
| 005 - ბოლო ოპერაციის თარიღი და დრო | |
| საკონტროლო ველი | 20231212104848.0 |
| 008 - ფიქსირებული სიგრძის მონაცემთა ელემენტები - ზოგადი ინფორმაცია | |
| ფიქსირებული სიგრძის საკონტროლო ველი | 181216s1991||||ge |||||||||||||| ||geo|| |
| 040 ## - კატალოგიზაციის წყარო | |
| Transcribing agency | GE_BSU |
| 041 ## - ენის კოდი | |
| Language code of text/sound track or separate title | geo |
| 080 ## - უნივერსალური ათობითი კლასიფიკაციის ინდექსი | |
| Universal Decimal Classification number | 821.353.1-32 დ-32 |
| 100 ## - მთავარი ჩანაწერი - პიროვნების სახელი | |
| Personal name | დემეტრაშვილი, ოთარ |
| 9 (RLIN) | 3907 |
| 245 ## - ცნობა სათაურის შესახებ | |
| Title | პირველი სიყვარული : |
| Remainder of title | მოთხრობები / |
| Statement of responsibility, etc | ოთარ დემეტრაშვილი ; რედ. მიმოზა ძიძიგური ; მხატვ. ვ. ხიდეშელი. |
| 264 ## - წარმოების, გამოცემის, დისტრიბუციის და სხვა ცნობები | |
| გამოცემის, წარმოების, დისტრიბუციის... ადგილი | თბილისი : |
| გამოცემის, წარმოების, დისტრიბუციის... სახელწოდება | მერანი, |
| გამოცემის, წარმოების, დისტრიბუციის... თარიღი | 1991. |
| 300 ## - ფიზიკური აღწერა | |
| Extent | 247 გვ. ; |
| Dimensions | 20 სმ. |
| 653 ## - INDEX TERM--UNCONTROLLED | |
| Uncontrolled term | მოთხრობები |
| 653 ## - INDEX TERM--UNCONTROLLED | |
| Uncontrolled term | პირველი სიყვარული |
| 700 ## - ADDED ENTRY--PERSONAL NAME | |
| Personal name | ძიძიგური, მიმოზა |
| Relator term | რედაქტორი |
| 9 (RLIN) | 4459 |
| 700 ## - ADDED ENTRY--PERSONAL NAME | |
| Personal name | ხიდეშელი, ვ. |
| Relator term | მხატვარი |
| 9 (RLIN) | 5859 |
| 942 ## - ADDED ENTRY ELEMENTS (KOHA) | |
| Koha item type | წიგნი |
| Source of classification or shelving scheme | |
| ჩამოწერის სტატუსი | დაკარგული ეგზემპლარის სტატუსი | კლასიფიკაციის წყარო ან თაროზე გაწყობის სქემა | დაზიანების სტატუსი | არ გაიცემა | მუდმივი მდებარეობა (დაცვის ადგილი) | ამჟამინდელი ადგილსამყოფელი | თაროზე განთავსების ადგილი | შეძენის თარიღი | ღირებულება, შესყიდვის ნორმალური ფასი | სრული შენახვის შიფრი | შტრიხკოდი | ბოლო ოპერაციის თარიღი | ეგზემპლარის მიმდევრობითი ნომერი (კეტერი?) | ფასის ძალაში შესვლის თარიღი | ეგზემპლარის სახეობა | საჯარო შენიშვნა |
|---|---|---|---|---|---|---|---|---|---|---|---|---|---|---|---|---|
| ბათუმის შოთა რუსთაველის სახელმწიფო უნივერსიტეტის მთავარი ბიბლიოთეკა | ბათუმის შოთა რუსთაველის სახელმწიფო უნივერსიტეტის მთავარი ბიბლიოთეკა | წიგნსაცავი | 2018-12-17 | 3.40 | 821.353.1-32 დ-32 | 23301 | 2018-12-17 | 23301 | 2018-12-17 | წიგნი | 3.40 ₾. | |||||
| ბათუმის შოთა რუსთაველის სახელმწიფო უნივერსიტეტის მთავარი ბიბლიოთეკა | ბათუმის შოთა რუსთაველის სახელმწიფო უნივერსიტეტის მთავარი ბიბლიოთეკა | წიგნსაცავი | 2018-12-17 | 3.40 | 821.353.1-32 დ-32 | 23302 | 2018-12-17 | 23302 | 2018-12-17 | წიგნი | 3.40 ₾. | |||||
| ბათუმის შოთა რუსთაველის სახელმწიფო უნივერსიტეტის მთავარი ბიბლიოთეკა | ბათუმის შოთა რუსთაველის სახელმწიფო უნივერსიტეტის მთავარი ბიბლიოთეკა | წიგნსაცავი | 2018-12-17 | 3.40 | 821.353.1-32 დ-32 | 23303 | 2018-12-17 | 23303 | 2018-12-17 | წიგნი | 3.40 ₾. | |||||
| ბათუმის შოთა რუსთაველის სახელმწიფო უნივერსიტეტის მთავარი ბიბლიოთეკა | ბათუმის შოთა რუსთაველის სახელმწიფო უნივერსიტეტის მთავარი ბიბლიოთეკა | წიგნსაცავი | 2018-12-17 | 3.40 | 821.353.1-32 დ-32 | 23304 | 2018-12-17 | 23304 | 2018-12-17 | წიგნი | 3.40 | |||||
| ბათუმის შოთა რუსთაველის სახელმწიფო უნივერსიტეტის მთავარი ბიბლიოთეკა | ბათუმის შოთა რუსთაველის სახელმწიფო უნივერსიტეტის მთავარი ბიბლიოთეკა | წიგნსაცავი | 2018-12-17 | 3.40 | 821.353.1-32 დ-32 | 23305 | 2018-12-17 | 23305 | 2018-12-17 | წიგნი | 3.40 ₾. |
